000 00575nam a2200217Ia 4500
003 OSt
005 20221002054944.0
006 a|||||r|||| 00| 0
007 ta
008 220930b |||||||| |||| 00| 0 eng d
024 _a71231
037 _cReference Collections
040 _aCRL
_cCRL
_beng
041 _2eng
_aeng
082 _aR64k, 15N2.1-.6(RR)
100 _aKevalanandasaraswati Ed.
245 0 _aMimasakosa
260 _c1992
942 _hR64k, 15N2.1-.6(RR)
_cref
_2CC
999 _c926335
_d926335